| 000 | 00887nam a2200289 i 4500 | ||
|---|---|---|---|
| 001 | 6986 | ||
| 003 | ES-MaACL | ||
| 005 | 20240622062951.0 | ||
| 007 | t| | ||
| 008 | 900719s1990 sp ||||1| spa d | ||
| 020 | _a84-7444-399-7(V.1) | ||
| 020 | _a84-7444-404-7(V.2) | ||
| 080 | _a86-94"19" | ||
| 080 | _a86(Fernan-Gomez,F.7 T.01) | ||
| 080 | _a7 Fernan-Gomez, Fernando | ||
| 100 | 0 |
_aFernán Gómez, Fernando, _d1921-2007 _949315 |
|
| 245 | 1 | 3 |
_aEl Tiempo amarillo _b: memorias / _cFernando Fernan-Gomez. |
| 250 | _a1a ed. | ||
| 260 |
_aMadrid : _bDebate, _c1990. |
||
| 300 |
_a2 v. : _bfot. ; _c21 cm. |
||
| 490 | 1 |
_aLiteratura ; _v57 |
|
| 505 | 8 | _at. I. 1921-1943 -- t. II. 1943-1987 | |
| 600 | 0 | 4 |
_aFernán Gómez, Fernando, _d1921-2007 _949315 |
| 830 | 0 |
_aLiteratura ; _v57 _9177860 |
|
| 852 |
_aES-MaACL _jL-14304-5 _bR.118071 |
||
| 999 |
_c6986 _d6986 |
||